| 000 | 00879nas a2200277 4500 | ||
|---|---|---|---|
| 001 | BR2012000319 | ||
| 003 | BR-BrBNA | ||
| 005 | 20231205115948.0 | ||
| 007 | ta | ||
| 008 | 230509b bl.|||p| |||| 00| 00por d | ||
| 040 |
_aBR-BrBNA _bpor _cBiblioteca Nacional de Agricultura |
||
| 041 | _a(Pt) | ||
| 072 | _aQ03 | ||
| 100 | 1 | _aSilva, C.J. | |
| 100 | 1 | _aFernandes, R. de J. | |
| 100 | 1 | _aFortuna, J.L. | |
| 245 | 1 | _aCondições higiênico-sanitárias nas cozinhas de hospitais públicos das cidades de Itamaraju e Teixeira de Freitas, BA | |
| 650 | _aHIGIENE DE ALIMENTO | ||
| 650 | _aRISCO | ||
| 650 | _aSAÚDE | ||
| 650 | _aCONTROLE DE QUALIDADE | ||
| 650 | _aBAHIA | ||
| 773 | 0 |
_tHigiene Alimentar (Brazil) _xISSN 0101-9171 _g(Sep 2011), v. 25(Edição Temática 2) p. 134-140 _wBR2012000319 |
|
| 909 |
_a202311 _bLúcia _c55 _dLúcia Elande |
||
| 942 |
_2AGRIS _n0 _cANA |
||
| 999 |
_c216491 _d216491 |
||